|
|
|
|
| LEADER |
01255nam a2200229 a 4500 |
| 001 |
GR-Patra20622 |
| 008 |
070205s2006 gr g 000 0 gre d |
| 020 |
|
|
|a 9606684067
|
| 040 |
|
|
|a GrPaTEI
|b gre
|c GR-PaULI
|
| 040 |
|
|
|a GrPaTEI
|b gre
|c GR-PaULI
|
| 082 |
|
0 |
|a 070.5722387
|2 21
|
| 245 |
0 |
3 |
|a Τα μεγάλα ρεπορτάζ της Πάτρας /
|c επιμέλεια Δημήτρης Σ. Αβραμίδης.
|
| 260 |
|
|
|a Πάτρα :
|b Περι Τεχνών - Πελοπόννησος,
|c 2006
|
| 300 |
|
|
|a 191 σ. :
|b εικ.
|
| 500 |
|
|
|a Πάτρα Πολιτιστική Πρωτεύουσα της Ευρώπης 2006
|
| 650 |
|
4 |
|a Εφημερίδες
|x Τοπικές εκδόσεις
|z Πάτρα
|
| 700 |
1 |
|
|a Αβραμίδης, Δημήτρης Σ.
|
| 942 |
|
|
|2 ddc
|
| 952 |
|
|
|0 0
|1 0
|2 ddc
|4 0
|6 070_572249520000000_ΜΕΓ
|7 0
|9 301218
|a LISK
|b LISK
|c BSC
|d 2021-01-17
|e 24
|f 0
|g 0.00
|l 0
|o 070.57224952 ΜΕΓ
|p 92410030500
|r 2021-01-17 00:00:00
|t 1
|w 2021-01-17
|y BK15
|x 20070205 0 1
|x GrPaTEI
|
| 952 |
|
|
|0 0
|1 0
|2 ddc
|4 0
|6 070_572249520000000_ΜΕΓ
|7 1
|9 301219
|a LISK
|b LISK
|c BSC
|d 2021-01-17
|e 24
|f 0
|g 0.00
|l 0
|o 070.57224952 ΜΕΓ
|p 92410030501
|r 2021-01-17 00:00:00
|t 1
|w 2021-01-17
|y BKN
|x 20070205 0 0
|x GrPaTEI
|
| 971 |
|
|
|a .b26681948
|b 21-04-20
|c 26-09-16
|
| 999 |
|
|
|c 175056
|d 175056
|